| 000 | 00797nam a2200193 i 4500 | ||
|---|---|---|---|
| 001 | 160178 | ||
| 003 | ES-MaACL | ||
| 005 | 20230906211946.0 | ||
| 008 | 000802s1897 it acf |||| |dita d | ||
| 040 |
_aCCPB | B _bspa _cCCPB | B |
||
| 100 | 1 |
_aMorelli, Giovanni. _9130164 |
|
| 245 | 1 | 0 |
_aDella pittura italiana _b: le Gallerie Borghese e Doria Pamphili in Roma / _cstudii storico critici di Giovanni Morelli. |
| 250 | _a1ª ed. italiana preceduta dalla biografia e dal ritratto dell'autore, e ill. da 81 incisioni. | ||
| 260 |
_aMilano : _bFratelli Treves, editori, _c1897. |
||
| 300 |
_aXXVIII, 340 p., [1] h. de grab. : _bil. ; _c28 cm. |
||
| 650 | 4 |
_aPintura italiana- _vHistoria. _9161960 |
|
| 752 |
_aItalia - _dMilán |
||
| 852 |
_aES-MaACL _jF-1104 _z- Enc. editorial en tela estampada |
||
| 999 |
_c160178 _d160178 |
||